Butler /

Bibliographic Details
Main Author: Collins, W. Lucas (William Lucas), 1817-1887
Format: Book
Language:English
Published: Edinburgh, London : W. Blackwood and sons, 1908.
Edition:Cheap ed.
Series:Philosophical classics for English readers. [v. 2]
Subjects:

MARC

Tag First Indicator Second Indicator Subfields
LEADER 00000cam a2200000 4500
001 in00000065590
005 20151007083500.0
008 800429s1908 stkc b 00010 eng d
035 |a (OCoLC)06257105 
035 |9 AAF9432AM 
040 |a TXA  |c TXA  |d UtOrBLW 
049 |a TXAM  |c [10139] 
090 |a B1363.Z7  |b C7 1908 
092 |a 192.9  |b B98c 
100 1 |a Collins, W. Lucas  |q (William Lucas),  |d 1817-1887. 
245 1 0 |a Butler /  |c by the Rev. W. Lucas Collins ... 
250 |a Cheap ed. 
264 1 |a Edinburgh,  |a London :  |b W. Blackwood and sons,  |c 1908. 
300 |a 3 pages ., 177 pages :  |b frontispiece (portrait) ;  |c 18 cm. 
336 |a text  |b txt  |2 rdacontent 
337 |a unmediated  |b n  |2 rdamedia 
338 |a volume  |b nc  |2 rdacarrier 
490 0 |a Philosophical classics for English readers. [v. 2] 
504 |a Bibliograhical note: pages 176-177. 
600 1 0 |a Butler, Joseph,  |d 1692-1752. 
999 |a MARS 
999 f f |s ace20df8-d76b-3926-af95-f6dbe85b217a  |i f7d3a50a-d7bc-3728-96ca-24c691d54304  |t 0 
952 f f |p ric  |a Texas A&M University  |b Rellis Campus  |c Joint Library Facility  |d Remote Storage  |t 0  |e B1363.Z7 C7 1908  |h Library of Congress classification  |i unmediated -- volume  |m A14800543194 
998 f f |a B1363.Z7 C7 1908  |t 0  |l Remote Storage